[Event "MCR_O188"]
[Site "?"]
[Date "2004.??.??"]
[Round "?"]
[White "Horský, Leonard"]
[Black "Izing, Stefan ml."]
[Result "0-1"]
[WhiteElo "1800"]
[BlackElo "1800"]
[PlyCount "42"]
[EventDate "2004.??.??"]
[EventType "corr"]
[EventRounds "2"]
[SourceDate "2005.03.12"]

1. b3 e5 2. Bb2 Nc6 3. e4 Nf6 4. Nc3 Bc5 5. Nf3 O-O 6. h3 d5 7. exd5 Nxd5 8.
Ne4 Bd4 9. c3 f5 10. cxd4 fxe4 11. Nxe5 Qf6 12. Qe2 Ncb4 13. O-O-O Nxa2+ 14.
Kb1 Nab4 15. g4 Qb6 16. Qb5 Be6 17. Nd7 Bxd7 18. Qxd7 Kh8 19. Qb5 Qg6 20. d3
Rxf2 21. dxe4 Qxe4+ 0-1

[Event "MCR_O188"]
[Site "?"]
[Date "2004.??.??"]
[Round "?"]
[White "Horský, Leonard"]
[Black "Masek, Frantisek"]
[Result "0-1"]
[WhiteElo "1800"]
[BlackElo "1800"]
[PlyCount "32"]
[EventDate "2004.??.??"]
[EventType "corr"]
[EventRounds "2"]
[SourceDate "2005.03.12"]

1. d4 Nf6 2. e4 Nxe4 3. Qf3 d5 4. Nc3 Nf6 5. Bg5 c6 6. Bxf6 exf6 7. O-O-O Bd6
8. Re1+ Be6 9. Bd3 O-O 10. Qh5 g6 11. Qh6 Na6 12. a3 Re8 13. Nf3 Bf8 14. Qh4
Bg7 15. g4 c5 16. Rhg1 f5 {kontumacne} 0-1

[Event "MCR_O188"]
[Site "?"]
[Date "2004.??.??"]
[Round "?"]
[White "Horský, Leonard"]
[Black "Novak, Jindrich"]
[Result "0-1"]
[WhiteElo "1800"]
[BlackElo "1800"]
[PlyCount "40"]
[EventDate "2004.??.??"]
[EventType "corr"]
[EventRounds "2"]
[SourceDate "2005.03.12"]

1. d4 Nf6 2. Bg5 h6 3. Bxf6 gxf6 4. c4 f5 5. e3 Bg7 6. Bd3 c5 7. Nf3 Nc6 8.
Bxf5 cxd4 9. e4 O-O 10. Nbd2 d6 11. O-O e6 12. Bh3 e5 13. Bxc8 Rxc8 14. g3 f5
15. Qb3 Na5 16. Qb5 Rc5 17. Qa4 fxe4 18. b4 exf3 19. bxc5 dxc5 20. h3 b6 {
kontumacne} 0-1

[Event "MCR_O188"]
[Site "?"]
[Date "2004.??.??"]
[Round "?"]
[White "Horský, Leonard"]
[Black "Vins, Karel"]
[Result "0-1"]
[WhiteElo "1800"]
[BlackElo "1800"]
[PlyCount "52"]
[EventDate "2004.??.??"]
[EventType "corr"]
[EventRounds "2"]
[SourceDate "2005.03.12"]

1. c4 c5 2. d4 cxd4 3. Qxd4 Nc6 4. Qc3 e5 5. a3 a5 6. Bd2 Bc5 7. e3 b6 8. Bd3
Nf6 9. Qc2 h6 10. Nc3 Bb7 11. Ne4 Nxe4 12. Bxe4 Qc7 13. Nf3 Bd6 14. O-O Ne7 15.
Bxb7 Qxb7 16. Rfd1 Bc7 17. Bc3 f6 18. Nh4 d6 19. Ng6 Rg8 20. g3 Qc8 21. Rd2 Qf5
22. Qa4+ Qd7 23. Qc2 Qf5 24. Nxe7 Qxc2 25. Rxc2 Kxe7 26. Rd1 Rad8 {kontumacne}
0-1

[Event "MCR_O188"]
[Site "?"]
[Date "2004.??.??"]
[Round "?"]
[White "Horský, Leonard"]
[Black "Vlcek, Alois"]
[Result "0-1"]
[WhiteElo "1800"]
[BlackElo "1858"]
[PlyCount "44"]
[EventDate "2004.??.??"]
[EventType "corr"]
[EventRounds "2"]
[SourceDate "2005.03.12"]

1. d4 Nf6 2. c4 g6 3. Nc3 Bg7 4. e4 d6 5. e5 dxe5 6. dxe5 Qxd1+ 7. Nxd1 Ng4 8.
f4 Be6 9. h3 Nh6 10. Nc3 c6 11. Nf3 Nd7 12. g4 O-O-O 13. Be3 Kb8 14. Ne4 f6 15.
Nd4 Bg8 16. exf6 exf6 17. f5 Re8 18. Bg2 Bxc4 19. O-O-O Nf7 20. Nxc6+ Kc7 21.
b3 Bxb3 22. axb3 bxc6 {kontumacne} 0-1

[Event "MCR_O188"]
[Site "?"]
[Date "2004.??.??"]
[Round "?"]
[White "Izing, Stefan ml."]
[Black "Horský, Leonard"]
[Result "1-0"]
[WhiteElo "1800"]
[BlackElo "1800"]
[PlyCount "43"]
[EventDate "2004.??.??"]
[EventType "corr"]
[EventRounds "2"]
[SourceDate "2005.03.12"]

1. d4 d5 2. c4 c5 3. cxd5 Qxd5 4. Nf3 cxd4 5. Nc3 Qa5 6. Nxd4 e5 7. Nb3 Qc7 8.
e4 Bb4 9. Bd2 Bxc3 10. Bxc3 a6 11. Qh5 Nc6 12. Qg5 g6 13. Be2 Qe7 14. Qxe7+
Ngxe7 15. f4 f6 16. O-O b6 17. Rad1 Ra7 18. Rd6 Bd7 19. Rxf6 Nd4 20. Bc4 Rf8
21. fxe5 Ndf5 22. exf5 1-0

[Event "MCR_O188"]
[Site "?"]
[Date "2004.??.??"]
[Round "?"]
[White "Izing, Stefan ml."]
[Black "Masek, Frantisek"]
[Result "1-0"]
[WhiteElo "1800"]
[BlackElo "1800"]
[PlyCount "43"]
[EventDate "2004.??.??"]
[EventType "corr"]
[EventRounds "2"]
[SourceDate "2005.03.12"]

1. e4 c6 2. d4 d5 3. exd5 cxd5 4. c4 Nf6 5. Nc3 e6 6. Nf3 Be7 7. cxd5 Nxd5 8.
Bd3 Nd7 9. Nxd5 exd5 10. O-O O-O 11. Bf4 Nf6 12. Qb3 Re8 13. Rfe1 a5 14. Rac1
a4 15. Qb5 Bg4 16. Qxb7 Bxf3 17. Bb5 Be4 18. Bxe8 Qxe8 19. f3 Bf5 20. Rxe7 Qf8
21. Rxf7 Qxf7 22. Qxa8+ 1-0

[Event "MCR_O188"]
[Site "?"]
[Date "2004.??.??"]
[Round "?"]
[White "Izing, Stefan ml."]
[Black "Novak, Jindrich"]
[Result "1-0"]
[WhiteElo "1800"]
[BlackElo "1800"]
[PlyCount "29"]
[EventDate "2004.??.??"]
[EventType "corr"]
[EventRounds "2"]
[SourceDate "2005.03.12"]

1. e4 d6 2. d4 f5 3. Nc3 e5 4. dxe5 fxe4 5. Nxe4 d5 6. Bg5 Qd7 7. Nc3 d4 8. Nb5
Nc6 9. Bc4 Bb4+ 10. Kf1 Nge7 11. e6 Qd8 12. Qh5+ g6 13. Qh6 Nf5 14. Bxd8 Nxh6
15. Bf6 1-0

[Event "MCR_O188"]
[Site "?"]
[Date "2004.??.??"]
[Round "?"]
[White "Izing, Stefan ml."]
[Black "Petricek, Jiri"]
[Result "1-0"]
[WhiteElo "1800"]
[BlackElo "1876"]
[PlyCount "23"]
[EventDate "2004.??.??"]
[EventType "corr"]
[EventRounds "2"]
[SourceDate "2005.03.12"]

1. e4 Nf6 2. e5 Nd5 3. d4 d6 4. Nf3 Nc6 5. c4 Nb6 6. e6 fxe6 7. Nc3 g6 8. h4
Bg7 9. Be3 O-O 10. h5 gxh5 11. Bd3 Nb4 12. Rxh5 {Petricek nedohrano} 1-0

[Event "MCR_O188"]
[Site "?"]
[Date "2004.??.??"]
[Round "?"]
[White "Izing, Stefan ml."]
[Black "Vins, Karel"]
[Result "1-0"]
[WhiteElo "1800"]
[BlackElo "1800"]
[PlyCount "47"]
[EventDate "2004.??.??"]
[EventType "corr"]
[EventRounds "2"]
[SourceDate "2005.03.12"]

1. e4 e5 2. Nf3 Nc6 3. Bb5 a6 4. Ba4 Nf6 5. O-O Be7 6. Re1 b5 7. Bb3 d6 8. c3
Na5 9. Bc2 c5 10. d4 Qc7 11. a4 b4 12. cxb4 cxb4 13. Nbd2 h6 14. b3 Nh7 15. Bb2
f6 16. Rc1 Qd8 17. Nf1 Nb7 18. Ne3 Be6 19. Nh4 Bf7 20. Nd5 a5 21. Nf5 Bf8 22.
Bd3 Bxd5 23. Qh5+ Bf7 24. Bb5+ 1-0

[Event "MCR_O188"]
[Site "?"]
[Date "2004.??.??"]
[Round "?"]
[White "Izing, Stefan ml."]
[Black "Vlcek, Alois"]
[Result "1-0"]
[WhiteElo "1800"]
[BlackElo "1858"]
[PlyCount "63"]
[EventDate "2004.??.??"]
[EventType "corr"]
[EventRounds "2"]
[SourceDate "2005.03.12"]

1. e4 e5 2. Nf3 Nc6 3. Bb5 a6 4. Ba4 Nf6 5. O-O Be7 6. Re1 b5 7. Bb3 Bb7 8. d4
d6 9. c3 h6 10. Nbd2 O-O 11. Nf1 Qc8 12. Nh4 Rd8 13. Nf5 Bf8 14. Qf3 Ne7 15.
dxe5 dxe5 16. Nxh6+ gxh6 17. Qxf6 Rd6 18. Bxf7+ Kh7 19. Qxe5 Bc6 20. Qh5 Be8
21. e5 Re6 22. f4 Rg6 23. Bxg6+ Bxg6 24. Qf3 Bf7 25. e6 Be8 26. f5 Bc6 27. Qh3
Ng8 28. f6 Nxf6 29. Qf5+ Kh8 30. Qxf6+ Bg7 31. Qf5 Qg8 32. Qh3 1-0

[Event "MCR_O188"]
[Site "?"]
[Date "2004.??.??"]
[Round "?"]
[White "Masek, Frantisek"]
[Black "Horský, Leonard"]
[Result "1-0"]
[WhiteElo "1800"]
[BlackElo "1800"]
[PlyCount "33"]
[EventDate "2004.??.??"]
[EventType "corr"]
[EventRounds "2"]
[SourceDate "2005.03.12"]

1. e4 c5 2. Nf3 Nc6 3. d4 cxd4 4. Nxd4 e5 5. Nb5 a6 6. N5c3 Nf6 7. Bc4 b5 8.
Bd5 Bb7 9. Be3 Rb8 10. O-O Qc7 11. a4 b4 12. Ne2 Bd6 13. c4 Ne7 14. Bxb7 Rxb7
15. Qd3 Qc6 16. Nd2 h6 17. Ng3 {kontumacne} 1-0

[Event "MCR_O188"]
[Site "?"]
[Date "2004.??.??"]
[Round "?"]
[White "Masek, Frantisek"]
[Black "Izing, Stefan ml."]
[Result "0-1"]
[WhiteElo "1800"]
[BlackElo "1800"]
[PlyCount "76"]
[EventDate "2004.??.??"]
[EventType "corr"]
[EventRounds "2"]
[SourceDate "2005.03.12"]

1. d4 d5 2. c4 e6 3. Nf3 Nf6 4. Nc3 c6 5. e3 Nbd7 6. Bd3 dxc4 7. Bxc4 b5 8. Bd3
a6 9. e4 c5 10. d5 c4 11. Bc2 e5 12. O-O Bb4 13. a4 Rb8 14. axb5 axb5 15. Qe2
O-O 16. Rd1 Bc5 17. Bg5 Re8 18. Rd2 h6 19. Bh4 Qb6 20. Rad1 Nh5 21. Kh1 g5 22.
Bg3 Nxg3+ 23. hxg3 Nf6 24. Qf1 g4 25. Nh2 Bd4 26. Ra1 b4 27. Na4 Qb5 28. f4 b3
29. Bb1 Nh5 30. Qe1 Ra8 31. Nc3 Rxa1 32. Rxd4 Rxb1 33. Qxb1 Nxg3+ 34. Kg1 Qb6
35. Nf1 Qxd4+ 36. Kh2 exf4 37. Qe1 Nxf1+ 38. Qxf1 Re5 0-1

[Event "MCR_O188"]
[Site "?"]
[Date "2004.??.??"]
[Round "?"]
[White "Masek, Frantisek"]
[Black "Novak, Jindrich"]
[Result "1-0"]
[WhiteElo "1800"]
[BlackElo "1800"]
[PlyCount "67"]
[EventDate "2004.??.??"]
[EventType "corr"]
[EventRounds "2"]
[SourceDate "2005.03.12"]

1. e4 d6 2. d4 Nf6 3. Nc3 e5 4. dxe5 dxe5 5. Qxd8+ Kxd8 6. Nf3 Nbd7 7. Ng5 Ke8
8. Bc4 Bb4 9. Bxf7+ Ke7 10. Bb3 h6 11. Ne6 Nxe4 12. Nxc7 Ndf6 13. Nxa8 Nxc3 14.
Bd2 Nfe4 15. bxc3 Ba5 16. Rb1 Rd8 17. Be3 Nxc3 18. Ra1 Bd7 19. Bc5+ Kf6 20. O-O
Bb5 21. Rfe1 Rxa8 22. Re3 Bc6 23. Be7+ Kf5 24. Rae1 e4 25. Rg3 g6 26. a3 Rc8
27. Rf3+ Ke5 28. Bf6+ Kd6 29. Rxc3 Bxc3 30. Bxc3 Kc7 31. Bg7 h5 32. Be5+ Kb6
33. Bf7 h4 34. Bxg6 1-0

[Event "MCR_O188"]
[Site "?"]
[Date "2004.??.??"]
[Round "?"]
[White "Masek, Frantisek"]
[Black "Vins, Karel"]
[Result "1/2-1/2"]
[WhiteElo "1800"]
[BlackElo "1800"]
[PlyCount "108"]
[EventDate "2004.??.??"]
[EventType "corr"]
[EventRounds "2"]
[SourceDate "2005.03.12"]

1. c4 c5 2. Nc3 Nc6 3. g3 g6 4. Bg2 Bg7 5. Nf3 Nf6 6. O-O O-O 7. d4 cxd4 8.
Nxd4 Nxd4 9. Qxd4 Qc7 10. b3 a6 11. Bb2 e6 12. Rad1 Ne8 13. Qd3 f6 14. Ba3 Rf7
15. Ne4 Bf8 16. Bb2 Bg7 17. e3 Rb8 18. Ba3 Bf8 19. Bxf8 Kxf8 20. a3 b6 21. Nd6
Nxd6 22. Qxd6+ Qxd6 23. Rxd6 f5 24. Rfd1 Re7 25. b4 Ke8 26. h4 Kd8 27. c5 bxc5
28. bxc5 Kc7 29. Bf1 Ra8 30. Rb1 Bb7 31. Rxb7+ Kxb7 32. Rb6+ Kc7 33. Bxa6 Rb8
34. Rxb8 Kxb8 35. Bb5 Kc7 36. a4 d6 37. c6 Kb6 38. Kf1 e5 39. Ke2 e4 40. f4
exf3+ 41. Kxf3 Kc7 42. Kf4 h6 43. Kf3 Re4 44. Ke2 Rb4 45. Kf3 d5 46. Kf2 d4 47.
exd4 Rxd4 48. Kg2 Rb4 49. Kf3 g5 50. hxg5 hxg5 51. Kf2 Rb3 52. Kg2 f4 53. gxf4
gxf4 54. Kf2 Rc3 1/2-1/2

[Event "MCR_O188"]
[Site "?"]
[Date "2004.??.??"]
[Round "?"]
[White "Masek, Frantisek"]
[Black "Vlcek, Alois"]
[Result "1-0"]
[WhiteElo "1800"]
[BlackElo "1858"]
[PlyCount "67"]
[EventDate "2004.??.??"]
[EventType "corr"]
[EventRounds "2"]
[SourceDate "2005.03.12"]

1. e4 e5 2. f4 Bc5 3. Nf3 d6 4. Nc3 Nf6 5. Bc4 Bg4 6. fxe5 Bxf3 7. Qxf3 dxe5 8.
d3 c6 9. Qg3 Qe7 10. Na4 Bd6 11. O-O Nbd7 12. Bb3 b5 13. Nc3 a5 14. a4 b4 15.
Nd1 Nh5 16. Qg5 Nhf6 17. Qxg7 Rg8 18. Qh6 Rg6 19. Qh3 O-O-O 20. c3 Kb7 21. Be3
Nc5 22. Bc4 Ne6 23. Rc1 Rdg8 24. Rc2 Nf4 25. Bxf4 exf4 26. cxb4 axb4 27. Qf3 h5
28. a5 Ng4 29. d4 Qh4 30. h3 Ne3 31. Nxe3 Rg3 32. Nf5 Qf6 33. Nxg3 Qxd4+ 34.
Qf2 1-0

[Event "MCR_O188"]
[Site "?"]
[Date "2004.??.??"]
[Round "?"]
[White "Novak, Jindrich"]
[Black "Horský, Leonard"]
[Result "1-0"]
[WhiteElo "1800"]
[BlackElo "1800"]
[PlyCount "43"]
[EventDate "2004.??.??"]
[EventType "corr"]
[EventRounds "2"]
[SourceDate "2005.03.12"]

1. Nf3 Nf6 2. b3 d5 3. e3 a6 4. Bb2 c5 5. d4 e6 6. Nbd2 Nc6 7. Be2 cxd4 8. exd4
Qc7 9. Ne5 Bd6 10. Ndf3 Ne4 11. O-O f6 12. Nxc6 bxc6 13. c4 Ng5 14. g3 Bb7 15.
cxd5 exd5 16. Nxg5 fxg5 17. Bh5+ g6 18. Qe2+ Qe7 19. Rfe1 Qxe2 20. Rxe2+ Kf7
21. Bg4 h5 22. Be6+ {kontumacne} 1-0

[Event "MCR_O188"]
[Site "?"]
[Date "2004.??.??"]
[Round "?"]
[White "Novak, Jindrich"]
[Black "Izing, Stefan ml."]
[Result "0-1"]
[WhiteElo "1800"]
[BlackElo "1800"]
[PlyCount "84"]
[EventDate "2004.??.??"]
[EventType "corr"]
[EventRounds "2"]
[SourceDate "2005.03.12"]

1. Nf3 d5 2. b3 Nf6 3. g3 g6 4. Bg2 Bg7 5. Bb2 O-O 6. O-O c5 7. e3 Nc6 8. d4
Ne4 9. Nbd2 Bf5 10. c4 Nxd2 11. Qxd2 cxd4 12. exd4 Be4 13. Rfe1 e6 14. Rad1 Rc8
15. c5 Qe7 16. b4 Qf6 17. Ne5 Bxg2 18. Kxg2 Nxe5 19. dxe5 Qe7 20. Bd4 Rc7 21.
b5 f6 22. f4 fxe5 23. fxe5 Rfc8 24. a4 Bf8 25. Qe3 Qe8 26. Rc1 a6 27. c6 axb5
28. cxb7 Rxb7 29. Rxc8 Qxc8 30. a5 Rc7 31. Ra1 Qa6 32. Bb6 Rc2+ 33. Kg1 b4 34.
Rf1 Bg7 35. Qg5 Qc8 36. Qe7 b3 37. Qb4 b2 38. Bd4 Bf8 39. Qa4 Bc5 40. a6 Rc1
41. Bxc5 Qxc5+ 42. Kg2 Rxf1 0-1

[Event "MCR_O188"]
[Site "?"]
[Date "2004.??.??"]
[Round "?"]
[White "Novak, Jindrich"]
[Black "Masek, Frantisek"]
[Result "1-0"]
[WhiteElo "1800"]
[BlackElo "1800"]
[PlyCount "109"]
[EventDate "2004.??.??"]
[EventType "corr"]
[EventRounds "2"]
[SourceDate "2005.03.12"]

1. Nf3 Nf6 2. b3 e6 3. g3 Nc6 4. Bb2 Bb4 5. Bg2 O-O 6. O-O d5 7. d4 b6 8. Ne5
Nxe5 9. dxe5 Ne4 10. a3 Be7 11. b4 f6 12. f3 Ng5 13. f4 Ne4 14. Nd2 Nxd2 15.
Qxd2 c6 16. e4 Ba6 17. Rf2 Rc8 18. Rd1 fxe5 19. Bxe5 Bf6 20. Bd4 Bxd4 21. Qxd4
Bc4 22. Bh3 Qe8 23. Qe5 Rf6 24. Rfd2 Ra8 25. Bf1 Bxf1 26. Kxf1 a5 27. b5 dxe4
28. Qxe4 cxb5 29. Rd7 b4 30. axb4 Rb8 31. bxa5 bxa5 32. Qe5 Ra8 33. Qc7 Qg6 34.
Re7 Rf7 35. Rxf7 Qxf7 36. Rd7 Qf6 37. Qc6 Rf8 38. Rd6 Qa1+ 39. Kg2 e5 40. Qd5+
Kh8 41. Rd8 Qa3 42. fxe5 Qe7 43. Rxf8+ Qxf8 44. e6 Qc8 45. e7 Qxc2+ 46. Kh3
Qc8+ 47. Kh4 g5+ 48. Kxg5 Kg7 49. Qe5+ Kf7 50. Qf6+ Kg8 51. h4 Qc5+ 52. Kh6
Qc1+ 53. Qg5+ Qxg5+ 54. hxg5 Kf7 55. Kxh7 1-0

[Event "MCR_O188"]
[Site "?"]
[Date "2004.??.??"]
[Round "?"]
[White "Novak, Jindrich"]
[Black "Petricek, Jiri"]
[Result "1-0"]
[WhiteElo "1800"]
[BlackElo "1876"]
[PlyCount "29"]
[EventDate "2004.??.??"]
[EventType "corr"]
[EventRounds "2"]
[SourceDate "2005.03.12"]

1. Nf3 d5 2. b3 c5 3. e3 Nf6 4. Bb2 Nbd7 5. d4 Qa5+ 6. Nbd2 Ne4 7. Bd3 Nxd2 8.
Qxd2 Qxd2+ 9. Kxd2 e6 10. e4 dxe4 11. Bxe4 cxd4 12. Nxd4 Nc5 13. Bf3 Be7 14.
Nb5 O-O 15. Rad1 {Petricek nedohrano} 1-0

[Event "MCR_O188"]
[Site "?"]
[Date "2004.??.??"]
[Round "?"]
[White "Novak, Jindrich"]
[Black "Vins, Karel"]
[Result "1-0"]
[WhiteElo "1800"]
[BlackElo "1800"]
[PlyCount "49"]
[EventDate "2004.??.??"]
[EventType "corr"]
[EventRounds "2"]
[SourceDate "2005.03.12"]

1. Nf3 c5 2. b3 Nc6 3. Bb2 d5 4. e3 Qc7 5. d4 cxd4 6. exd4 Nf6 7. Nbd2 Bf5 8.
a3 e6 9. Be2 Bd6 10. c4 b6 11. O-O h6 12. Rc1 Qb7 13. cxd5 exd5 14. Ne5 Ne7 15.
Bb5+ Bd7 16. Nxd7 Nxd7 17. Qg4 g6 18. Nf3 f5 19. Qh4 Kf7 20. Ne5+ Bxe5 21. dxe5
g5 22. e6+ Kxe6 23. Qh5 Rh7 24. Rfe1+ Kd6 25. Qe2 1-0

[Event "MCR_O188"]
[Site "?"]
[Date "2004.??.??"]
[Round "?"]
[White "Novak, Jindrich"]
[Black "Vlcek, Alois"]
[Result "0-1"]
[WhiteElo "1800"]
[BlackElo "1858"]
[PlyCount "54"]
[EventDate "2004.??.??"]
[EventType "corr"]
[EventRounds "2"]
[SourceDate "2005.03.12"]

1. Nf3 d6 2. d4 Bg4 3. h3 Bxf3 4. gxf3 Nd7 5. f4 e6 6. Bg2 c6 7. c3 Be7 8. e4
g6 9. Be3 Ndf6 10. Qb3 Qc7 11. Nd2 Nh5 12. O-O-O Ngf6 13. d5 exd5 14. e5 Nd7
15. Nf3 dxe5 16. fxe5 Bc5 17. Rhe1 Bxe3+ 18. Rxe3 Nf4 19. e6 fxe6 20. Ng5 e5
21. Bxd5 cxd5 22. Rd4 O-O-O 23. Rb4 Nc5 24. Qa3 Ncd3+ 25. Kb1 Nxb4 26. cxb4 d4
27. Re1 Kb8 0-1

[Event "MCR_O188"]
[Site "?"]
[Date "2004.??.??"]
[Round "?"]
[White "Petricek, Jiri"]
[Black "Izing, Stefan ml."]
[Result "0-1"]
[WhiteElo "1876"]
[BlackElo "1800"]
[PlyCount "24"]
[EventDate "2004.??.??"]
[EventType "corr"]
[EventRounds "2"]
[SourceDate "2005.03.12"]

1. e4 e5 2. Nf3 Nc6 3. Bb5 a6 4. Ba4 Nf6 5. O-O Be7 6. Qe2 b5 7. Bb3 O-O 8. c3
d6 9. d4 Bg4 10. d5 Na5 11. Bc2 c6 12. dxc6 Qc7 {Petricek nedohrano} 0-1

[Event "MCR_O188"]
[Site "?"]
[Date "2004.??.??"]
[Round "?"]
[White "Petricek, Jiri"]
[Black "Masek, Frantisek"]
[Result "0-1"]
[WhiteElo "1876"]
[BlackElo "1800"]
[PlyCount "20"]
[EventDate "2004.??.??"]
[EventType "corr"]
[EventRounds "2"]
[SourceDate "2005.03.12"]

1. e4 c5 2. Nf3 Nc6 3. Bb5 g6 4. Bxc6 dxc6 5. d3 Bg7 6. O-O Nf6 7. Nc3 O-O 8.
Bg5 b6 9. Re1 a5 10. Ne5 Qc7 {Petricek nedohrano} 0-1

[Event "MCR_O188"]
[Site "?"]
[Date "2004.??.??"]
[Round "?"]
[White "Petricek, Jiri"]
[Black "Novak, Jindrich"]
[Result "0-1"]
[WhiteElo "1876"]
[BlackElo "1800"]
[PlyCount "30"]
[EventDate "2004.??.??"]
[EventType "corr"]
[EventRounds "2"]
[SourceDate "2005.03.12"]

1. e4 d6 2. d4 f5 3. exf5 Bxf5 4. Bd3 Qd7 5. Nf3 Nf6 6. O-O Nc6 7. Bxf5 Qxf5 8.
Nc3 O-O-O 9. d5 Nb4 10. Nd4 Qg6 11. Ndb5 Nxc2 12. Rb1 a6 13. Na3 Nb4 14. Qd4 c5
15. dxc6 Nxc6 {Petricek nedohrano} 0-1

[Event "MCR_O188"]
[Site "?"]
[Date "2004.??.??"]
[Round "?"]
[White "Petricek, Jiri"]
[Black "Vins, Karel"]
[Result "0-1"]
[WhiteElo "1876"]
[BlackElo "1800"]
[PlyCount "40"]
[EventDate "2004.??.??"]
[EventType "corr"]
[EventRounds "2"]
[SourceDate "2005.03.12"]

1. d4 d5 2. c4 c6 3. Nf3 Nf6 4. Nc3 dxc4 5. e4 b5 6. e5 Nd5 7. a3 e6 8. Bg5 Be7
9. Qd2 h6 10. Bxe7 Qxe7 11. Rc1 Nd7 12. Be2 a6 13. Nxd5 cxd5 14. O-O Nb8 15.
Rfd1 O-O 16. h3 Nc6 17. Ne1 a5 18. Nf3 f5 19. Re1 Bd7 20. Nh2 b4 {
Petricek nedohrano} 0-1

[Event "MCR_O188"]
[Site "?"]
[Date "2004.??.??"]
[Round "?"]
[White "Petricek, Jiri"]
[Black "Vlcek, Alois"]
[Result "0-1"]
[WhiteElo "1876"]
[BlackElo "1858"]
[PlyCount "26"]
[EventDate "2004.??.??"]
[EventType "corr"]
[EventRounds "2"]
[SourceDate "2005.03.12"]

1. e4 e5 2. Nf3 Nc6 3. Bb5 a6 4. Ba4 Nf6 5. O-O Bc5 6. Bxc6 dxc6 7. Nc3 Bd6 8.
d4 exd4 9. Qxd4 c5 10. Qa4+ c6 11. e5 b5 12. Qh4 Be6 13. Re1 Nd5 {
Petricek nedohrano} 0-1

[Event "MCR_O188"]
[Site "?"]
[Date "2004.??.??"]
[Round "?"]
[White "Vins, Karel"]
[Black "Horský, Leonard"]
[Result "1-0"]
[WhiteElo "1800"]
[BlackElo "1800"]
[PlyCount "49"]
[EventDate "2004.??.??"]
[EventType "corr"]
[EventRounds "2"]
[SourceDate "2005.03.12"]

1. e4 e5 2. Nf3 Nc6 3. Bc4 Nf6 4. d3 Na5 5. Bb3 d6 6. Ba4+ Bd7 7. c4 c5 8. Nc3
Be7 9. h3 Nc6 10. Bd2 O-O 11. Qc1 Nb4 12. Bc2 a6 13. a3 Nxc2+ 14. Qxc2 b5 15.
O-O Qc8 16. Kh2 h6 17. Ng1 Bc6 18. f3 Qd8 19. b3 Nh7 20. Qc1 f5 21. g4 f4 22.
Be1 Qe8 23. Qd2 Rf6 24. Bh4 g5 25. Be1 {kontumacne} 1-0

[Event "MCR_O188"]
[Site "?"]
[Date "2004.??.??"]
[Round "?"]
[White "Vins, Karel"]
[Black "Izing, Stefan ml."]
[Result "0-1"]
[WhiteElo "1800"]
[BlackElo "1800"]
[PlyCount "44"]
[EventDate "2004.??.??"]
[EventType "corr"]
[EventRounds "2"]
[SourceDate "2005.03.12"]

1. e4 c5 2. Nf3 d6 3. d4 cxd4 4. Nxd4 Nf6 5. Nc3 a6 6. Bg5 e6 7. f4 Be7 8. Qf3
Qc7 9. O-O-O h6 10. Bh4 Nbd7 11. Bf2 b5 12. a3 Nc5 13. Bd3 Rb8 14. b4 Nxd3+ 15.
Qxd3 Bb7 16. Rhg1 Rc8 17. Nde2 O-O 18. Be1 Qb6 19. Qd4 Qxd4 20. Rxd4 e5 21.
fxe5 dxe5 22. Bh4 exd4 0-1

[Event "MCR_O188"]
[Site "?"]
[Date "2004.??.??"]
[Round "?"]
[White "Vins, Karel"]
[Black "Masek, Frantisek"]
[Result "0-1"]
[WhiteElo "1800"]
[BlackElo "1800"]
[PlyCount "68"]
[EventDate "2004.??.??"]
[EventType "corr"]
[EventRounds "2"]
[SourceDate "2005.03.12"]

1. e4 e5 2. Nf3 Nc6 3. Bc4 Bc5 4. c3 Nf6 5. d4 exd4 6. cxd4 Bb4+ 7. Nc3 Nxe4 8.
O-O Bxc3 9. bxc3 d5 10. Re1 O-O 11. Bd3 Nf6 12. Qc2 Ne7 13. Ba3 Re8 14. h3 c6
15. Re2 Ng6 16. Bxg6 fxg6 17. Rae1 Rxe2 18. Rxe2 Bf5 19. Qb3 b5 20. Bc1 Rc8 21.
Qa3 a5 22. Bf4 Ne4 23. Nd2 Qb6 24. Qb2 c5 25. dxc5 Nxc5 26. Be5 Nd3 27. Qa3 b4
28. cxb4 axb4 29. Qa4 Qe6 30. Nf3 Rc1+ 31. Kh2 Be4 32. Bg3 h6 33. Nd4 Rh1+ 34.
Kxh1 Qxh3+ 0-1

[Event "MCR_O188"]
[Site "?"]
[Date "2004.??.??"]
[Round "?"]
[White "Vins, Karel"]
[Black "Novak, Jindrich"]
[Result "0-1"]
[WhiteElo "1800"]
[BlackElo "1800"]
[PlyCount "70"]
[EventDate "2004.??.??"]
[EventType "corr"]
[EventRounds "2"]
[SourceDate "2005.03.12"]

1. e4 d6 2. d4 f5 3. exf5 Bxf5 4. Nf3 Nf6 5. c4 Nbd7 6. Nc3 e5 7. Nh4 Be6 8. d5
Bf7 9. Nf3 h6 10. Qc2 Qe7 11. Be3 g5 12. Bd3 Bg7 13. Ne4 Nh5 14. g3 Nf4 15.
gxf4 Bh5 16. Be2 exf4 17. Bd4 Bxf3 18. Bxf3 Bxd4 19. O-O-O Bg7 20. Rhe1 Ne5 21.
Bh5+ Kd8 22. Be2 Qd7 23. Rh1 f3 24. Bd3 a5 25. b3 a4 26. b4 a3 27. b5 b6 28.
Nd2 Qf7 29. Nf1 Qf6 30. Ne3 Nxd3+ 31. Rxd3 Qa1+ 32. Qb1 Qb2+ 33. Qxb2 axb2+ 34.
Kb1 Kd7 35. Rdd1 Rxa2 0-1

[Event "MCR_O188"]
[Site "?"]
[Date "2004.??.??"]
[Round "?"]
[White "Vins, Karel"]
[Black "Petricek, Jiri"]
[Result "1-0"]
[WhiteElo "1800"]
[BlackElo "1876"]
[PlyCount "31"]
[EventDate "2004.??.??"]
[EventType "corr"]
[EventRounds "2"]
[SourceDate "2005.03.12"]

1. e4 e5 2. Nf3 Nc6 3. Bc4 Bc5 4. c3 Qe7 5. Qe2 Nf6 6. d3 O-O 7. b4 Bxb4 8.
cxb4 Qxb4+ 9. Qd2 Nxe4 10. Qxb4 Nxb4 11. Na3 Nd6 12. O-O Nc6 13. Bb2 e4 14.
dxe4 Nb4 15. e5 Nf5 16. Nb5 {Petricek nedohrano} 1-0

[Event "MCR_O188"]
[Site "?"]
[Date "2004.??.??"]
[Round "?"]
[White "Vins, Karel"]
[Black "Vlcek, Alois"]
[Result "1/2-1/2"]
[WhiteElo "1800"]
[BlackElo "1858"]
[PlyCount "72"]
[EventDate "2004.??.??"]
[EventType "corr"]
[EventRounds "2"]
[SourceDate "2005.03.12"]

1. e4 e5 2. Nf3 Nc6 3. Bc4 Be7 4. c3 d6 5. d4 Bd7 6. d5 Na5 7. Bd3 b6 8. b4 Nb7
9. h3 a6 10. a4 Nf6 11. Qe2 a5 12. b5 Nc5 13. c4 Nb3 14. Bb2 Nxa1 15. Bxa1 Nh5
16. g3 g6 17. Bc3 Ng7 18. g4 h5 19. Nh2 Bf6 20. f3 Bh4+ 21. Kd1 Bg3 22. Be1 Bf4
23. Bd2 g5 24. Bxf4 gxf4 25. Qf2 Qe7 26. Rg1 O-O-O 27. Nf1 hxg4 28. hxg4 Rh3
29. Rg2 Rdh8 30. Nbd2 Qg5 31. Bc2 Rh1 32. Ke1 Ne8 33. Rg1 Rxg1 34. Qxg1 Nf6 35.
Qg2 Qh4+ 36. Qf2 Qh6 1/2-1/2

[Event "MCR_O188"]
[Site "?"]
[Date "2004.??.??"]
[Round "?"]
[White "Vlcek, Alois"]
[Black "Horský, Leonard"]
[Result "1-0"]
[WhiteElo "1858"]
[BlackElo "1800"]
[PlyCount "47"]
[EventDate "2004.??.??"]
[EventType "corr"]
[EventRounds "2"]
[SourceDate "2005.03.12"]

1. c4 c5 2. Nf3 d5 3. cxd5 e6 4. dxe6 Bxe6 5. e4 Qb6 6. Nc3 Nc6 7. d3 O-O-O 8.
Na4 Qc7 9. Be3 Nf6 10. Nxc5 Bxc5 11. Bxc5 Qa5+ 12. b4 Nxb4 13. Bxb4 Qxb4+ 14.
Nd2 Ng4 15. Be2 Ne5 16. Qc2+ Kb8 17. a3 Qd4 18. O-O Nxd3 19. Rab1 b6 20. Nf3
Qxe4 21. Ng5 Qc4 22. Qd2 Qf4 23. Qa5 Rd5 24. Qc3 {kontumacne} 1-0